00794cam a22002291 4500001001300000003000400013005001700017008004100034010001700075035001900092040002500111042001200136050001700148100007100165245006800236260005000304300003100354500009200385650003700477650003300514999001700547sa 66006489 DLC20260227112256.0800408s1966 ii a 000 0 eng  asa 66006489  a(OCoLC)6177053 aDLCcArUdOCoLCdDLC apremarc00aLC2605b.R361 aRao, V. K. R. V.q(Vijendra Kasturi Ranga Varadaraja),d1908-1991.10aEducation and human resource developmentc[by] V. K. R. V. Rao. aBombay,aNew York,bAllied Publishersc[1966] axi, 220 p.billus.c23 cm. aLabel mounted on t. p. :v Sole distributors in the USA: Paragon Book Gallery, New York. 0aEducationzDeveloping countries. 0aEducationxEconomic aspects. c70542d70542